000 01217cam a22003134a 4500
999 _c6969
_d6969
001 12729826
003 OSt
005 20210531163527.0
008 020404s2002 dcua b 001 0 eng
010 _a 2002005344
020 _a155963880X (acidfree paper)
020 _a0521596882
040 _aDLC
_cDLC
_dDLC
042 _apcc
050 0 0 _aQC981.8.C5
_bC511416 2002
082 0 0 _a551.6JEP 1998
245 0 0 _aClimate change policy :
_bFacts,Issues,and Analysis
_cedited by Jepma,J.Catrinus;Munasinghe,Mohan;
260 _aCambridge
_bCambridge university Press,
_c1998.
300 _axvii, 331p. :
_bill. ;
_c24 cm.
504 _aIncludes bibliographical references and index.
650 0 _aClimatic changes
_xGovernment policy.
_914299
700 1 _aSchneider, Stephen Henry.
_914300
700 1 _aRosencranz, Armin.
_914301
700 1 _aNiles, John O.
_914302
856 4 2 _3Publisher description
_uhttp://www.loc.gov/catdir/enhancements/fy0666/2002005344-d.html
906 _a7
_bcbc
_corignew
_d1
_eecip
_f20
_gy-gencatlg
942 _2ddc
_cO_SHELF